| 000 | 00612nam a2200193 a 4500 | ||
|---|---|---|---|
| 005 | 20220912102940.0 | ||
| 008 | 991125s1987 pn 000 0 spa u | ||
| 035 | _aUPN01000005649 | ||
| 049 | _aF | ||
| 050 | 4 |
_aZ5811 _bL4.2 |
|
| 100 | 1 | _aLee de Barakat, Amelia | |
| 245 | 1 | 0 |
_aBibliografía sobre educación en Panamá 1950-1970 / _cpor Amelia Lee de Barakat, Marzia R. Escobar. |
| 260 |
_aPanamá : _bUniversidad de Panamá, _c1987. |
||
| 300 | _a25 p. | ||
| 440 | 0 | _aAntología textos y documentos | |
| 650 | 7 |
_aEducación _vBibliografía _2 _915006 |
|
| 700 | 1 |
_aEscobar, Marzia R., _ecoaut. |
|
| 905 | _aLibro | ||
| 999 |
_c5649 _d5649 |
||